[Event "Tradewise Gibraltar AmatWk1"]
[Site "Gibraltar"]
[Date "2017.01.23"]
[Round "1.1"]
[White "Bosschem, Eddy"]
[Black "Savage, Neil"]
[Result "1-0"]
[WhiteElo "1899"]
[BlackElo "1705"]
[PlyCount "85"]
[EventDate "2017.01.23"]
[EventType "swiss"]
[EventRounds "5"]
[EventCountry "GGB"]
[SourceTitle "BritBase"]
[Source "www.saund.co.uk"]
[SourceDate "2018.02.10"]
[SourceVersion "1"]
[SourceVersionDate "2018.02.10"]
[SourceQuality "1"]

1. d4 Nf6 2. Nf3 g6 3. Bf4 Bg7 4. e3 O-O 5. Be2 c5 6. c3 d6 7. O-O Nh5 8. Bg5
h6 9. Bh4 g5 10. Nfd2 Nf6 11. Bg3 Bf5 12. Qb3 Qb6 13. Nc4 Qxb3 14. axb3 Nc6 15.
Nbd2 cxd4 16. exd4 Ne4 17. Nxe4 Bxe4 18. b4 d5 19. Na5 Nxa5 20. Rxa5 Rfd8 21.
Rfa1 a6 22. b5 Bf8 23. bxa6 bxa6 24. Rxa6 Rac8 25. f3 Bc2 26. Kf1 Rd7 27. Rb6
Rdd8 28. Ke1 Ra8 29. Rba6 Rac8 30. Kd2 Bb3 31. Bd3 e6 32. Rb6 Bc4 33. b3 Bxd3
34. Kxd3 Ra8 35. Rba6 Rac8 36. Ra7 Bg7 37. Rc7 Rxc7 38. Bxc7 Re8 39. b4 e5 40.
dxe5 Bxe5 41. Bxe5 Rxe5 42. Rb1 Kf8 43. b5 1-0

[Event "Tradewise Gibraltar AmatWk1"]
[Site "Gibraltar"]
[Date "2017.01.23"]
[Round "1.2"]
[White "Kuenitz, Klaus"]
[Black "Pink, Joshua"]
[Result "1-0"]
[WhiteElo "1690"]
[BlackElo "1898"]
[PlyCount "115"]
[EventDate "2017.01.23"]
[EventType "swiss"]
[EventRounds "5"]
[EventCountry "GGB"]
[SourceTitle "BritBase"]
[Source "www.saund.co.uk"]
[SourceDate "2018.02.10"]
[SourceVersion "1"]
[SourceVersionDate "2018.02.10"]
[SourceQuality "1"]

1. d4 d6 2. c4 e5 3. e3 Be7 4. Nc3 Nf6 5. Nf3 Bg4 6. dxe5 Bxf3 7. Qxf3 dxe5 8.
Qxb7 Nbd7 9. Be2 O-O 10. O-O Nc5 11. Qc6 Rb8 12. Rd1 Bd6 13. Qf3 e4 14. Qh3 Qe7
15. b3 Be5 16. Bb2 c6 17. Rac1 Rfd8 18. g3 Rxd1+ 19. Rxd1 g6 20. Ba1 Ne6 21.
Qg2 Rd8 22. Qf1 Rxd1 23. Qxd1 Ng5 24. h4 Ne6 25. Na4 Qc7 26. Bc3 Bxc3 27. Nxc3
Qe5 28. Qd2 h5 29. Nd1 Qf5 30. Qd6 Qa5 31. Kf1 Qxa2 32. Qxc6 Qxb3 33. Qa8+ Kg7
34. Qxa7 Ng4 35. Qa1+ Kh7 36. Qc3 Qa2 37. Qb2 Qa5 38. Nc3 Qf5 39. Bxg4 hxg4 40.
Nd5 Ng7 41. Qf6 Qc8 42. Qd4 Qf5 43. Qxe4 Qc8 44. Qxg4 Qb7 45. Qe4 Qa6 46. Kg2
Nf5 47. h5 Qc6 48. hxg6+ fxg6 49. Nc3 Qf6 50. Qd3 Qg5 51. Qd7+ Kh6 52. Qe8 Qf6
53. Ne4 Qb2 54. Qf8+ Kh5 55. Qf6 Nxe3+ 56. Kf3 Qxf6+ 57. Nxf6+ Kg5 58. Ne4+ 1-0

[Event "Tradewise Gibraltar AmatWk1"]
[Site "Gibraltar"]
[Date "2017.01.23"]
[Round "1.3"]
[White "Robson, Paul E"]
[Black "Kearsley, Raymond J"]
[Result "1/2-1/2"]
[WhiteElo "1897"]
[BlackElo "1687"]
[PlyCount "68"]
[EventDate "2017.01.23"]
[EventType "swiss"]
[EventRounds "5"]
[EventCountry "GGB"]
[SourceTitle "BritBase"]
[Source "www.saund.co.uk"]
[SourceDate "2018.02.10"]
[SourceVersion "1"]
[SourceVersionDate "2018.02.10"]
[SourceQuality "1"]

1. e4 c5 2. Nf3 g6 3. d4 cxd4 4. Nxd4 Nc6 5. c4 Bg7 6. Be3 Nf6 7. Nc3 O-O 8.
Be2 e6 9. O-O d5 10. cxd5 exd5 11. Nxc6 bxc6 12. exd5 Nxd5 13. Nxd5 cxd5 14.
Bd4 Bxd4 15. Qxd4 Be6 16. Rfd1 Qa5 17. Bf3 Rfd8 18. h4 h5 19. Rd3 Rab8 20. Ra3
Qb4 21. Qxb4 Rxb4 22. Rxa7 Rxb2 23. a4 Rdb8 24. Kf1 d4 25. Ra8 Rxa8 26. Bxa8
Bc4+ 27. Ke1 Re2+ 28. Kd1 d3 29. Ra3 Rxf2 30. Rc3 Ba6 31. Rc6 Rf1+ 32. Kd2 Rf2+
33. Kd1 Rf1+ 34. Kd2 Rf2+ 1/2-1/2

[Event "Tradewise Gibraltar AmatWk1"]
[Site "Gibraltar"]
[Date "2017.01.23"]
[Round "1.4"]
[White "Zitan, Abdelhay"]
[Black "Hermes, Geoff R"]
[Result "1/2-1/2"]
[WhiteElo "1678"]
[BlackElo "1896"]
[PlyCount "86"]
[EventDate "2017.01.23"]
[EventType "swiss"]
[EventRounds "5"]
[EventCountry "GGB"]
[SourceTitle "BritBase"]
[Source "www.saund.co.uk"]
[SourceDate "2018.02.10"]
[SourceVersion "1"]
[SourceVersionDate "2018.02.10"]
[SourceQuality "1"]

1. e4 d6 2. d4 Nf6 3. Nc3 c6 4. Nf3 Bg4 5. Be2 e6 6. O-O Be7 7. Be3 O-O 8. h3
Bh5 9. Nd2 Bxe2 10. Qxe2 d5 11. e5 Nfd7 12. f4 g6 13. Nf3 a6 14. Qd2 Nb6 15. b3
N8d7 16. Ne2 c5 17. c3 Rc8 18. a3 Qc7 19. Rfc1 Qc6 20. a4 a5 21. dxc5 Nxc5 22.
Bxc5 Bxc5+ 23. Nfd4 Qd7 24. Kf1 Qe7 25. g3 Nd7 26. Qe3 f6 27. exf6 Rxf6 28. b4
Ba7 29. Nc6 Rxc6 30. Qxa7 e5 31. Qxa5 Qe6 32. Kg2 exf4 33. Nxf4 Qe4+ 34. Kh2
Rxf4 35. gxf4 Qxf4+ 36. Kg2 Qd2+ 37. Kh1 Qd3 38. Kh2 Re6 39. Qd8+ Nf8 40. Rg1
Re3 41. Qc8 Qe4 42. Qg4 Qe5+ 43. Kh1 Qxc3 1/2-1/2

[Event "Tradewise Gibraltar AmatWk1"]
[Site "Gibraltar"]
[Date "2017.01.23"]
[Round "1.5"]
[White "Laszlo, Zoltan-Imre"]
[Black "Bishop, Geoffrey L"]
[Result "0-1"]
[WhiteElo "1894"]
[BlackElo "1677"]
[PlyCount "80"]
[EventDate "2017.01.23"]
[EventType "swiss"]
[EventRounds "5"]
[EventCountry "GGB"]
[SourceTitle "BritBase"]
[Source "www.saund.co.uk"]
[SourceDate "2018.02.10"]
[SourceVersion "1"]
[SourceVersionDate "2018.02.10"]
[SourceQuality "1"]

1. e4 c5 2. Nc3 g6 3. g3 Bg7 4. Bg2 Nc6 5. d3 e6 6. Be3 d6 7. Qd2 Rb8 8. Nge2
Nd4 9. O-O Ne7 10. Nd1 O-O 11. c3 Nxe2+ 12. Qxe2 b5 13. Qd2 b4 14. Bh6 bxc3 15.
bxc3 d5 16. Bxg7 Kxg7 17. e5 d4 18. c4 Bb7 19. Bh3 Qc7 20. Qf4 Kg8 21. f3 Nc6
22. Re1 Nb4 23. Nf2 Nc2 24. Ng4 f5 25. exf6 Qxf4 26. gxf4 Nxa1 27. Rxa1 Bc8 28.
Kg2 Rb2+ 29. Kg3 h5 30. Nf2 h4+ 31. Kg2 Rxf6 32. Re1 Rxa2 33. Rb1 a5 34. Rb8
Rf8 35. Rxc8 Rxc8 36. Bxe6+ Kf8 37. Bxc8 a4 38. Kg1 a3 39. Ne4 Ra1+ 40. Kg2 a2
0-1

[Event "Tradewise Gibraltar AmatWk1"]
[Site "Gibraltar"]
[Date "2017.01.23"]
[Round "1.6"]
[White "Kirkwood, Robin"]
[Black "Garcia Valer, Jesus"]
[Result "0-1"]
[WhiteElo "1677"]
[BlackElo "1891"]
[PlyCount "28"]
[EventDate "2017.01.23"]
[EventType "swiss"]
[EventRounds "5"]
[EventCountry "GGB"]
[SourceTitle "BritBase"]
[Source "www.saund.co.uk"]
[SourceDate "2018.02.10"]
[SourceVersion "1"]
[SourceVersionDate "2018.02.10"]
[SourceQuality "1"]

1. d4 d5 2. Nf3 Nf6 3. e3 e6 4. Bd3 c5 5. b3 Nc6 6. O-O Qc7 7. Bb2 Bd6 8. Na3
a6 9. c4 cxd4 10. cxd5 exd5 11. exd4 O-O 12. Rc1 Qa5 13. Qe1 Bb4 14. Bc3 Qxa3
0-1

[Event "Tradewise Gibraltar AmatWk1"]
[Site "Gibraltar"]
[Date "2017.01.23"]
[Round "1.7"]
[White "Ansari, Athar"]
[Black "Stai, Sondre"]
[Result "1-0"]
[WhiteElo "1887"]
[BlackElo "1676"]
[PlyCount "67"]
[EventDate "2017.01.23"]
[EventType "swiss"]
[EventRounds "5"]
[EventCountry "GGB"]
[SourceTitle "BritBase"]
[Source "www.saund.co.uk"]
[SourceDate "2018.02.10"]
[SourceVersion "1"]
[SourceVersionDate "2018.02.10"]
[SourceQuality "1"]

1. e4 c5 2. c3 d5 3. exd5 Qxd5 4. Nf3 Nc6 5. Be2 g6 6. d4 cxd4 7. cxd4 Bg7 8.
Nc3 Qd8 9. Be3 e6 10. Qb3 Nge7 11. O-O O-O 12. Rad1 Nd5 13. Bg5 Nxc3 14. bxc3
Qc7 15. Nd2 h6 16. Bh4 Ne7 17. Bg3 Qb6 18. Qa3 Nf5 19. Rb1 Qd8 20. Ne4 Nxg3 21.
hxg3 Qc7 22. Bf3 Rd8 23. Nc5 Bf8 24. Qc1 Bxc5 25. dxc5 Kh7 26. Qf4 Qxf4 27.
gxf4 Rb8 28. c6 Rf8 29. c7 Ra8 30. Bxb7 Bxb7 31. Rxb7 Rfc8 32. Rfb1 Kg7 33. Rb8
Kf6 34. Rxa8 1-0

[Event "Tradewise Gibraltar AmatWk1"]
[Site "Gibraltar"]
[Date "2017.01.23"]
[Round "1.8"]
[White "Ramesh, Balasubramanian"]
[Black "Garcia-Blazquez Perez, Manuel"]
[Result "1-0"]
[WhiteElo "1646"]
[BlackElo "1851"]
[PlyCount "124"]
[EventDate "2017.01.23"]
[EventType "swiss"]
[EventRounds "5"]
[EventCountry "GGB"]
[SourceTitle "BritBase"]
[Source "www.saund.co.uk"]
[SourceDate "2018.02.10"]
[SourceVersion "1"]
[SourceVersionDate "2018.02.10"]
[SourceQuality "1"]

1. d4 f5 2. Bg5 h6 3. Bh4 g5 4. e3 Nf6 5. Bg3 e6 6. h4 Rg8 7. hxg5 hxg5 8. Nd2
d6 9. Bc4 Qe7 10. Qe2 Nc6 11. O-O-O Bd7 12. a3 O-O-O 13. Qd3 d5 14. Bb5 Kb8 15.
f3 Qe8 16. Bxc6 Bxc6 17. Nb3 Bd6 18. Bxd6 cxd6 19. Ne2 Bb5 20. Qd2 Rc8 21. Nc3
Bc4 22. Na5 Rh8 23. Qf2 Qe7 24. Nxc4 dxc4 25. Qg3 Nh5 26. Qf2 f4 27. exf4 Nxf4
28. Rde1 Rxh1 29. Rxh1 d5 30. g3 Ng6 31. Qe3 Qf6 32. Rh5 Ne7 33. Qe5+ Qxe5 34.
dxe5 Rg8 35. Ne2 Nf5 36. Rh7 Rg7 37. Rxg7 Nxg7 38. Nd4 Kc8 39. Kd2 Kd7 40. g4
a6 41. Ke3 Ke7 42. a4 Ne8 43. f4 gxf4+ 44. Kxf4 Kf7 45. Kg5 Nc7 46. Kh6 Kg8 47.
Kg6 b5 48. a5 b4 49. Kf6 c3 50. bxc3 bxc3 51. g5 Ne8+ 52. Kxe6 Kg7 53. Ke7 Nc7
54. Kd6 Ne8+ 55. Kxd5 Kg6 56. Ne6 Kf5 57. Nc5 Nc7+ 58. Kc6 Nb5 59. e6 Kxg5 60.
Kb6 Kf6 61. Kxa6 Nd6 62. Kb6 Nc4+ {a6 [%clk 0:00:32]} 1-0

[Event "Tradewise Gibraltar AmatWk1"]
[Site "Gibraltar"]
[Date "2017.01.23"]
[Round "1.9"]
[White "Rios Gonzalez, Jose Antonio"]
[Black "Gunn, Michael J"]
[Result "0-1"]
[WhiteElo "1847"]
[BlackElo "1643"]
[PlyCount "53"]
[EventDate "2017.01.23"]
[EventType "swiss"]
[EventRounds "5"]
[EventCountry "GGB"]
[SourceTitle "BritBase"]
[Source "www.saund.co.uk"]
[SourceDate "2018.02.10"]
[SourceVersion "1"]
[SourceVersionDate "2018.02.10"]
[SourceQuality "1"]

1. e4 e6 2. d4 d5 3. Nd2 dxe4 4. Nxe4 Nd7 5. Nf3 Ngf6 6. Ng3 Be7 7. Bd3 O-O 8.
O-O c5 9. c3 cxd4 10. cxd4 Nb6 11. Bd2 Nbd5 12. a3 Bd7 13. Qe2 Bc6 14. Ne5 Rc8
15. f4 g6 16. f5 exf5 17. Bh6 Re8 18. Nxf5 Bf8 19. Qd2 Nh5 20. g4 gxf5 21. Rxf5
f6 22. Rxh5 fxe5 23. Bxf8 Nf4 24. Bxh7+ Kxf8 25. Rf1 Kg7 26. Rxf4 exf4 27. d5
0-1

[Event "Tradewise Gibraltar AmatWk1"]
[Site "Gibraltar"]
[Date "2017.01.23"]
[Round "1.10"]
[White "Hudson, Jeremy"]
[Black "Stamenov, Valeriy"]
[Result "0-1"]
[WhiteElo "1633"]
[BlackElo "1839"]
[PlyCount "80"]
[EventDate "2017.01.23"]
[EventType "swiss"]
[EventRounds "5"]
[EventCountry "GGB"]
[SourceTitle "BritBase"]
[Source "www.saund.co.uk"]
[SourceDate "2018.02.10"]
[SourceVersion "1"]
[SourceVersionDate "2018.02.10"]
[SourceQuality "1"]

1. Nf3 d5 2. g3 Nf6 3. Bg2 c5 4. d3 Nc6 5. O-O e6 6. Bg5 Be7 7. a4 O-O 8. Nc3
a6 9. e4 d4 10. Ne2 e5 11. Nd2 Be6 12. f4 Ng4 13. Bxe7 Qxe7 14. Qc1 Ne3 15. Rf2
Nb4 16. f5 Bd7 17. Nc4 Nbxc2 18. Nxe3 Nxe3 19. Bh3 f6 20. g4 b5 21. b3 Rfc8 22.
Qb1 Be8 23. Ng3 c4 24. bxc4 bxc4 25. dxc4 Rxc4 26. Rfa2 Qc5 27. Rb2 Rc8 28. Kh1
Kf8 29. Qg1 Rxa4 30. Rab1 Bb5 31. Nf1 Ra3 32. Nxe3 Rxe3 33. Bf1 Bc6 34. Bg2
Bxe4 35. Bxe4 Rxe4 36. Rb8 Re3 37. g5 Qc6+ 38. Qg2 Re1+ 39. Rxe1 Qxg2+ 40. Kxg2
Rxb8 0-1

[Event "Tradewise Gibraltar AmatWk1"]
[Site "Gibraltar"]
[Date "2017.01.23"]
[Round "1.11"]
[White "Longdin, Michael"]
[Black "Hunt, Caro"]
[Result "0-1"]
[WhiteElo "1836"]
[BlackElo "1631"]
[PlyCount "78"]
[EventDate "2017.01.23"]
[EventType "swiss"]
[EventRounds "5"]
[EventCountry "GGB"]
[SourceTitle "BritBase"]
[Source "www.saund.co.uk"]
[SourceDate "2018.02.10"]
[SourceVersion "1"]
[SourceVersionDate "2018.02.10"]
[SourceQuality "1"]

1. d4 e5 2. dxe5 Nc6 3. Nf3 Qe7 4. Bf4 Qb4+ 5. Bd2 Qxb2 6. Nc3 Bb4 7. Rb1 Qa3
8. Nb5 Qa5 9. Bxb4 Nxb4 10. c3 Nc6 11. Qb3 a6 12. Nbd4 Nxe5 13. Nxe5 Qxe5 14.
e3 Nf6 15. Bc4 O-O 16. Nf3 Qe7 17. a4 c6 18. a5 d5 19. Bd3 Nd7 20. Qc2 g6 21.
h4 Nc5 22. h5 Nxd3+ 23. Qxd3 Bf5 24. Qd1 Bxb1 25. Qxb1 Rab8 26. Rh3 Qe4 27. Qd1
f6 28. hxg6 hxg6 29. Rh4 Qe7 30. Qd3 Qg7 31. Rg4 f5 32. Rg3 Rf6 33. Qd4 Re8 34.
Kf1 Re4 35. Qd2 f4 36. exf4 Rexf4 37. Qe3 Re4 38. Qd3 Qh6 39. Kg1 Rxf3 0-1

[Event "Tradewise Gibraltar AmatWk1"]
[Site "Gibraltar"]
[Date "2017.01.23"]
[Round "1.12"]
[White "Koreywo, Witold"]
[Black "Lochte, Szilvia"]
[Result "1/2-1/2"]
[WhiteElo "1620"]
[BlackElo "1829"]
[PlyCount "51"]
[EventDate "2017.01.23"]
[EventType "swiss"]
[EventRounds "5"]
[EventCountry "GGB"]
[SourceTitle "BritBase"]
[Source "www.saund.co.uk"]
[SourceDate "2018.02.10"]
[SourceVersion "1"]
[SourceVersionDate "2018.02.10"]
[SourceQuality "1"]

1. d4 Nf6 2. Bf4 e6 3. e3 c5 4. c3 d5 5. Nf3 Nc6 6. Nbd2 Bd6 7. Bxd6 Qxd6 8.
Bd3 O-O 9. O-O e5 10. dxe5 Nxe5 11. Nxe5 Qxe5 12. Nf3 Qh5 13. Re1 Be6 14. Be2
Ne4 15. Nd2 Qh4 16. Nxe4 dxe4 17. g3 Qe7 18. c4 Rad8 19. Qc2 f5 20. Rad1 Qf6
21. b3 g5 22. Rxd8 Rxd8 23. Qc1 Rd7 24. Rd1 Qd8 25. Rxd7 Qxd7 26. Qd1 1/2-1/2

[Event "Tradewise Gibraltar AmatWk1"]
[Site "Gibraltar"]
[Date "2017.01.23"]
[Round "1.13"]
[White "Mena Castillo, Luis"]
[Black "Horlock, Peter J"]
[Result "1-0"]
[WhiteElo "1829"]
[BlackElo "1611"]
[PlyCount "64"]
[EventDate "2017.01.23"]
[EventType "swiss"]
[EventRounds "5"]
[EventCountry "GGB"]
[SourceTitle "BritBase"]
[Source "www.saund.co.uk"]
[SourceDate "2018.02.10"]
[SourceVersion "1"]
[SourceVersionDate "2018.02.10"]
[SourceQuality "1"]

1. e4 e5 2. Nf3 Nc6 3. d4 exd4 4. Nxd4 d6 5. Nc3 Bd7 6. Be3 Nf6 7. Be2 Be7 8.
g4 h6 9. Rg1 a6 10. f4 Nxd4 11. Qxd4 c5 12. Qd2 b5 13. Bf3 b4 14. Ne2 Bc6 15.
Ng3 c4 16. Qd4 Rc8 17. Nf5 Bf8 18. g5 g6 19. Ng3 hxg5 20. fxg5 Rxh2 21. gxf6 b3
22. cxb3 cxb3 23. axb3 Bb5 24. Rg2 Rxg2 25. Bxg2 Qd7 26. Rc1 Rxc1+ 27. Bxc1 Qg4
28. Kf2 d5 29. Qe5+ Kd8 30. Bf4 Bc5+ 31. Be3 Bxe3+ 32. Kxe3 Qc8 1-0

[Event "Tradewise Gibraltar AmatWk1"]
[Site "Gibraltar"]
[Date "2017.01.23"]
[Round "1.14"]
[White "Ajayi, Ayokanmi"]
[Black "Dennis, Nigel W"]
[Result "0-1"]
[WhiteElo "1599"]
[BlackElo "1818"]
[PlyCount "86"]
[EventDate "2017.01.23"]
[EventType "swiss"]
[EventRounds "5"]
[EventCountry "GGB"]
[SourceTitle "BritBase"]
[Source "www.saund.co.uk"]
[SourceDate "2018.02.10"]
[SourceVersion "1"]
[SourceVersionDate "2018.02.10"]
[SourceQuality "1"]

1. Nf3 c5 2. g3 d5 3. Bg2 Nf6 4. d3 Nc6 5. O-O e6 6. Nbd2 Be7 7. e4 d4 8. Qe2
e5 9. h3 O-O 10. Nh4 Re8 11. f4 Bf8 12. f5 b5 13. Ndf3 Ba6 14. g4 c4 15. Bg5
Rc8 16. Rad1 Be7 17. Qf2 cxd3 18. cxd3 h6 19. Bc1 Nh7 20. Qg3 Bg5 21. Nxg5 Nxg5
22. Nf3 Nxf3+ 23. Rxf3 f6 24. h4 Kf7 25. g5 hxg5 26. hxg5 Rg8 27. Qg4 Ke7 28.
Rh3 Qf8 29. gxf6+ gxf6 30. Rh7+ Kd6 31. Qh3 Rc7 32. Bh6 Qd8 33. Rxc7 Qxc7 34.
Qh5 b4 35. Kh2 Bb5 36. Bf1 Qe7 37. Rc1 Nd8 38. Rc8 Bd7 39. Rb8 Be8 40. Qd1 Qh7
41. Qd2 Nc6 42. Rb5 Rh8 43. Rd5+ Kc7 0-1

[Event "Tradewise Gibraltar AmatWk1"]
[Site "Gibraltar"]
[Date "2017.01.23"]
[Round "1.15"]
[White "Sevillano Garcia, Joaquin"]
[Black "Naldrett, Geoffrey William"]
[Result "1-0"]
[WhiteElo "1816"]
[BlackElo "1588"]
[PlyCount "81"]
[EventDate "2017.01.23"]
[EventType "swiss"]
[EventRounds "5"]
[EventCountry "GGB"]
[SourceTitle "BritBase"]
[Source "www.saund.co.uk"]
[SourceDate "2018.02.10"]
[SourceVersion "1"]
[SourceVersionDate "2018.02.10"]
[SourceQuality "1"]

1. e4 c6 2. d4 d5 3. e5 Bf5 4. Bd3 Bxd3 5. Qxd3 e6 6. Ne2 Nd7 7. O-O c5 8. c3
Ne7 9. Nd2 Nf5 10. Nf3 Be7 11. Kh1 Rc8 12. Ng3 g6 13. Nxf5 gxf5 14. Be3 c4 15.
Qd2 h5 16. Bg5 Bxg5 17. Nxg5 Nf8 18. f4 Nh7 19. h4 Ke7 20. Rfe1 Nxg5 21. fxg5
Kf8 22. b3 Kg7 23. bxc4 Rxc4 24. Rab1 b6 25. Rb4 Kg6 26. Rxc4 dxc4 27. Qb2 Re8
28. Qb5 Qc8 29. Rb1 Re7 30. a4 Rb7 31. a5 Kg7 32. Kh2 Kf8 33. Rb4 Rc7 34. axb6
axb6 35. Qxb6 Rc6 36. Qb5 Ke8 37. Rxc4 Kd7 38. Kg3 Qc7 39. Kf4 Qc8 40. d5 exd5
41. Qxd5+ 1-0

[Event "Tradewise Gibraltar AmatWk1"]
[Site "Gibraltar"]
[Date "2017.01.23"]
[Round "1.16"]
[White "Gaspar, Ioan-Dan"]
[Black "Wilson, Matthew R"]
[Result "1/2-1/2"]
[WhiteElo "1579"]
[BlackElo "1791"]
[PlyCount "87"]
[EventDate "2017.01.23"]
[EventType "swiss"]
[EventRounds "5"]
[EventCountry "GGB"]
[SourceTitle "BritBase"]
[Source "www.saund.co.uk"]
[SourceDate "2018.02.10"]
[SourceVersion "1"]
[SourceVersionDate "2018.02.10"]
[SourceQuality "1"]

1. c4 Nf6 2. g3 e6 3. Bg2 Be7 4. Nc3 O-O 5. a3 d5 6. cxd5 exd5 7. d3 d4 8. Nb1
c5 9. Nf3 Nc6 10. O-O Be6 11. Nbd2 h6 12. Qc2 Rc8 13. Re1 Qd7 14. Nc4 Bd5 15.
b3 b5 16. Ncd2 Rfe8 17. Rb1 Bd6 18. e4 dxe3 19. fxe3 Ne5 20. e4 Be6 21. Bb2 Bg4
22. Rbc1 Bc7 23. Nxe5 Bxe5 24. Bxe5 Rxe5 25. Qc3 Ree8 26. Nf3 Bxf3 27. Bxf3 Ng4
28. Bxg4 Qxg4 29. Kg2 Red8 30. Re3 Qd7 31. Rf3 h5 32. Rcf1 Rf8 33. Qe5 g6 34.
h3 Qd4 35. Qe7 Qb2+ 36. R1f2 Qxb3 37. g4 hxg4 38. hxg4 Qe6 39. Qg5 Kg7 40. Rf6
Qd7 41. R2f3 c4 42. e5 cxd3 43. Rd6 Rc2+ 44. Kf1 1/2-1/2

[Event "Tradewise Gibraltar AmatWk1"]
[Site "Gibraltar"]
[Date "2017.01.23"]
[Round "1.17"]
[White "Murray, J Stephen"]
[Black "Oliva Parra, Ernesto"]
[Result "1/2-1/2"]
[WhiteElo "1789"]
[BlackElo "1578"]
[PlyCount "79"]
[EventDate "2017.01.23"]
[EventType "swiss"]
[EventRounds "5"]
[EventCountry "GGB"]
[SourceTitle "BritBase"]
[Source "www.saund.co.uk"]
[SourceDate "2018.02.10"]
[SourceVersion "1"]
[SourceVersionDate "2018.02.10"]
[SourceQuality "1"]

1. e4 e5 2. Nf3 Nc6 3. Bc4 Bc5 4. c3 Nf6 5. d4 exd4 6. cxd4 Bb4+ 7. Bd2 Qe7 8.
O-O O-O 9. Re1 Bxd2 10. Nbxd2 d6 11. h3 h6 12. Rc1 Nh7 13. Bb3 Nb4 14. Rc3 c6
15. a3 Na6 16. e5 d5 17. Bc2 Ng5 18. Nxg5 Qxg5 19. Nf3 Qe7 20. Qd3 g6 21. Qd2
Kg7 22. Qf4 Be6 23. Nh2 Rh8 24. Ng4 Qg5 25. Qf6+ Qxf6 26. Nxf6 h5 27. Rg3 Nc7
28. f4 Ne8 29. Nxe8+ Raxe8 30. f5 Bd7 31. fxg6 f5 32. Rf1 Ref8 33. Rf4 h4 34.
Rg5 Kh6 35. g7 Kxg5 36. gxh8=Q Rxh8 37. Rf3 Be6 38. Kf2 f4 39. Rb3 Bc8 40. Kf3
1/2-1/2

[Event "Tradewise Gibraltar AmatWk1"]
[Site "Gibraltar"]
[Date "2017.01.23"]
[Round "1.18"]
[White "Bo, Martin"]
[Black "Christophe-Hayot, Romain"]
[Result "1/2-1/2"]
[WhiteElo "1572"]
[BlackElo "1784"]
[PlyCount "48"]
[EventDate "2017.01.23"]
[EventType "swiss"]
[EventRounds "5"]
[EventCountry "GGB"]
[SourceTitle "BritBase"]
[Source "www.saund.co.uk"]
[SourceDate "2018.02.10"]
[SourceVersion "1"]
[SourceVersionDate "2018.02.10"]
[SourceQuality "1"]

1. Nf3 f5 2. d4 Nf6 3. g3 g6 4. h4 d5 5. c4 c6 6. Bg2 Bg7 7. Nc3 dxc4 8. Ne5
O-O 9. Nxc4 Ng4 10. d5 cxd5 11. Qxd5+ Qxd5 12. Nxd5 Nc6 13. O-O Be6 14. Bg5
Rfe8 15. Rac1 Rac8 16. b3 Nge5 17. Bf4 Rf8 18. Nxe5 Nxe5 19. Rxc8 Rxc8 20. Rc1
Rxc1+ 21. Bxc1 Nc6 22. Be3 Be5 23. Nf4 Bxf4 24. Bxf4 Kf7 1/2-1/2

[Event "Tradewise Gibraltar AmatWk1"]
[Site "Gibraltar"]
[Date "2017.01.23"]
[Round "1.19"]
[White "Ford, Clifton P"]
[Black "Elishev, Anton"]
[Result "1-0"]
[WhiteElo "1781"]
[BlackElo "1572"]
[PlyCount "55"]
[EventDate "2017.01.23"]
[EventType "swiss"]
[EventRounds "5"]
[EventCountry "GGB"]
[SourceTitle "BritBase"]
[Source "www.saund.co.uk"]
[SourceDate "2018.02.10"]
[SourceVersion "1"]
[SourceVersionDate "2018.02.10"]
[SourceQuality "1"]

1. d4 d5 2. c4 e6 3. Nf3 Nf6 4. g3 Be7 5. Bg2 O-O 6. O-O c5 7. cxd5 cxd4 8.
Nxd4 Nxd5 9. e4 Nb4 10. Nc3 N8c6 11. Be3 e5 12. Nf5 Qxd1 13. Nxe7+ Nxe7 14.
Raxd1 Be6 15. Bc5 Nbc6 16. Nd5 Rae8 17. Nc7 Rc8 18. Nxe6 fxe6 19. Rd7 Kf7 20.
f4 Ke8 21. Rxb7 Rf7 22. fxe5 Rxf1+ 23. Bxf1 Ng6 24. Rxg7 Ncxe5 25. Bb5+ Kd8 26.
Rg8+ Kc7 27. Rxc8+ Kxc8 28. Bxa7 1-0

[Event "Tradewise Gibraltar AmatWk1"]
[Site "Gibraltar"]
[Date "2017.01.23"]
[Round "1.20"]
[White "Haddock, Paul"]
[Black "Lopez Diaz, Rafael"]
[Result "0-1"]
[WhiteElo "1570"]
[BlackElo "1779"]
[PlyCount "40"]
[EventDate "2017.01.23"]
[EventType "swiss"]
[EventRounds "5"]
[EventCountry "GGB"]
[SourceTitle "BritBase"]
[Source "www.saund.co.uk"]
[SourceDate "2018.02.10"]
[SourceVersion "1"]
[SourceVersionDate "2018.02.10"]
[SourceQuality "1"]

1. e4 c5 2. d4 cxd4 3. c3 dxc3 4. Nxc3 Nc6 5. Nf3 e6 6. Bc4 Nf6 7. e5 Ng4 8.
Qe2 Bc5 9. O-O f6 10. Ne4 Qe7 11. exf6 Nxf6 12. Nxc5 Qxc5 13. Be3 Qe7 14. Rfd1
O-O 15. Rac1 b6 16. Bf4 Ne8 17. Bg3 Kh8 18. Bxe6 Na5 19. Bc4 Qxe2 20. Bxe2 Rf7
0-1

[Event "Tradewise Gibraltar AmatWk1"]
[Site "Gibraltar"]
[Date "2017.01.23"]
[Round "1.21"]
[White "Maman, Emanuel"]
[Black "Bullock, Lee"]
[Result "1-0"]
[WhiteElo "1778"]
[BlackElo "1563"]
[PlyCount "59"]
[EventDate "2017.01.23"]
[EventType "swiss"]
[EventRounds "5"]
[EventCountry "GGB"]
[SourceTitle "BritBase"]
[Source "www.saund.co.uk"]
[SourceDate "2018.02.10"]
[SourceVersion "1"]
[SourceVersionDate "2018.02.10"]
[SourceQuality "1"]

1. e4 c5 2. Nf3 d6 3. c4 Nf6 4. Nc3 e5 5. d3 Be7 6. Be2 h6 7. a3 a5 8. Bd2 Nbd7
9. Rc1 g5 10. g3 Nf8 11. Nb5 Ne6 12. b4 axb4 13. axb4 b6 14. O-O Bd7 15. bxc5
bxc5 16. Qc2 Rg8 17. Ra1 h5 18. Kh1 Rxa1 19. Rxa1 g4 20. Nh4 Bxb5 21. cxb5 Nd4
22. Qd1 Nd7 23. Nf5 Nxf5 24. exf5 Nb6 25. Ra6 Qb8 26. Bf1 h4 27. Bg2 Bd8 28.
Ba5 Ke7 29. Qd2 Na4 30. Bxd8+ 1-0

[Event "Tradewise Gibraltar AmatWk1"]
[Site "Gibraltar"]
[Date "2017.01.23"]
[Round "1.22"]
[White "Walker, Gordon J"]
[Black "Flanagan, Samuel"]
[Result "1-0"]
[WhiteElo "1547"]
[BlackElo "1774"]
[PlyCount "72"]
[EventDate "2017.01.23"]
[EventType "swiss"]
[EventRounds "5"]
[EventCountry "GGB"]
[SourceTitle "BritBase"]
[Source "www.saund.co.uk"]
[SourceDate "2018.02.10"]
[SourceVersion "1"]
[SourceVersionDate "2018.02.10"]
[SourceQuality "1"]

1. Nf3 d5 2. g3 c6 3. Bg2 Bg4 4. O-O e6 5. d3 Nf6 6. c4 Nbd7 7. a3 Be7 8. b4
O-O 9. Bb2 Bh5 10. Nbd2 dxc4 11. Nxc4 Nb6 12. Nfe5 Nbd7 13. Qc2 Nd5 14. d4 f6
15. g4 Be8 16. Nxd7 Qxd7 17. e3 Bf7 18. Rad1 Rad8 19. Qd2 Qc7 20. e4 Nf4 21. e5
Nxg2 22. Kxg2 b5 23. exf6 Bxf6 24. Ne3 Rd6 25. Qe2 Rfd8 26. Nc2 a5 27. Qe3 axb4
28. axb4 Rd5 29. f4 Re8 30. Ne1 Qd6 31. Bc3 Ra8 32. Nf3 Qc7 33. Ne5 Bxe5 34.
dxe5 Ra7 35. Rxd5 cxd5 36. Bd4 g6 1-0